000 00376nam a2200133Ia 4500
005 20251222141813.0
008 251222s9999||||xx |||||||||||||| ||spa||
020 _a978-84-472-1238-5
082 _a515.9/B45
100 _aBernal González, Luis
245 0 _aAnálisis de Variable Compleja
264 _bSecretariado de Publicaciones de la Universidad de Sevilla
942 _cLIB
999 _c6527
_d6527